| 000 | 01228nam a2200385 i 4500 | ||
|---|---|---|---|
| 999 |
_c1035 _d1035 |
||
| 001 | 019450768 | ||
| 003 | Uk | ||
| 005 | 20200317100511.0 | ||
| 008 | 190426s2019 si a 000 0aeng | ||
| 010 | _a 2019353376 | ||
| 015 |
_aGBC008089 _2bnb |
||
| 016 | 7 |
_a019450768 _2Uk |
|
| 020 |
_a9789814841221 _qpaperback |
||
| 020 |
_a9814841226 _qpaperback |
||
| 040 |
_aDLC _beng _cDLC _dUk _erda |
||
| 042 | _aukblcatcopy | ||
| 043 | _aa-my--- | ||
| 082 | 0 | 4 |
_a320 ZUN _223 |
| 100 | 0 |
_aZunar, _eauthor. |
|
| 245 | 1 | 0 |
_aFight through cartoons : _bmy story of harassment, intimidation & jail / _cZunar ; assisted by Sukhbir Cheema [co-author]. |
| 264 | 1 |
_aSingapore : _bMarshall Cavendish Editions, _c[2019] |
|
| 264 | 4 | _c©2019 | |
| 300 |
_a253 pages : _billustrations ; _c23 cm |
||
| 336 |
_atext _btxt _2rdacontent |
||
| 337 |
_aunmediated _bn _2rdamedia |
||
| 338 |
_avolume _bnc _2rdacarrier |
||
| 500 | _aSigned copy. | ||
| 546 | _aIn English. | ||
| 600 | 0 | 0 | _aZunar. |
| 650 | 0 |
_aCartoonists _zMalaysia _vBiography. |
|
| 650 | 0 | _aMalaysian wit and humor, Pictorial. | |
| 651 | 0 |
_aMalaysia _xPolitics and government _y21st century _vCaricatures and cartoons. |
|
| 700 | 1 |
_aCheema, Sukhbir, _eauthor. |
|
| 942 |
_2ddc _cNFIC |
||